000
00282nam a22001097a 4500
082
_a
658
_b
JAI/UP
100
_a
Jain,T.S
_9
931
100
_a
Rajput, O.P.
_9
934
245
_a
Upkar's Bank Agriculture Officers Recruitment Exam
260
_a
Agra - 2
_b
Upkar Prakashan
_c
2013
942
_c
REF
999
_c
14536
_d
14536